000 004120000a22001570004500
041 0 _aSPA
082 0 4 _aG 282.2 C3921e
245 1 0 _aEvangelizción : Desafío de la iglesia
260 _aBogotá, Colombia : Secretariado General del CELAM
300 _a463 Pag
001 8664
942 _cBK
999 _c38798
_d38798
336 _atexto
_btxt
_2rdacontent
337 _2rdamedia
_asin mediación
_bn
338 _2rdacarrier
_avolumen
_bnc